Catálogo
 En Linea

Reseña histórica de la vida y trabajo del fundador del concilio Arca de Salvación Inc. / (Registro nro. 50752)

Detalles MARC
000 -CABECERA
campo de control de longitud fija 00760nam a2200217 a 4500
003 - IDENTIFICADOR DEL NÚMERO DE CONTROL
campo de control DO-SdBNP
005 - FECHA Y HORA DE LA ÚLTIMA TRANSACCIÓN
campo de control 20211014152737.0
007 - CAMPO FIJO DE DESCRIPCIÓN FÍSICA--INFORMACIÓN GENERAL
campo de control de longitud fija ta
008 - DATOS DE LONGITUD FIJA--INFORMACIÓN GENERAL
campo de control de longitud fija 211014e2018 dr ac||gr|||| 00| 0bspa d
020 ## - NÚMERO INTERNACIONAL ESTÁNDAR DEL LIBRO
Número Internacional Estándar del Libro 9789945915006
040 ## - FUENTE DE LA CATALOGACIÓN
Centro catalogador/agencia de origen DO-SdBNP
Lengua de catalogación spa
Centro/agencia transcriptor BNPHU
082 #4 - NÚMERO DE LA CLASIFICACIÓN DECIMAL DEWEY
Número de edición 22
Número de documento/Ítem J585r
100 1# - ENTRADA PRINCIPAL--NOMBRE DE PERSONA
Nombre de persona Ruben E., Jesús Santos de,
9 (RLIN) 80214
245 10 - MENCIÓN DE TÍTULO
Título Reseña histórica de la vida y trabajo del fundador del concilio Arca de Salvación Inc. /
Mención de responsabilidad, etc. Ruben E. de Jesús Santos
260 ## - PUBLICACIÓN, DISTRIBUCIÓN, ETC.
Lugar de publicación, distribución, etc. Santo Domingo :
Nombre del editor, distribuidor, etc. E Graphics Corp.,
Fecha de publicación, distribución, etc. 2018
300 ## - DESCRIPCIÓN FÍSICA
Extensión [11 p.] :
Otras características físicas il., ret. ;
Dimensiones 28 cm.
500 ## - NOTA GENERAL
Nota general Un aporte de la Fundación Bienvenido Santos Inc.
590 ## - NOTA LOCAL (RLIN)
Nota local Inventariado 2021 / MF
600 04 - PUNTO DE ACCESO ADICIONAL DE MATERIA--NOMBRE DE PERSONA
Nombre de persona Santos Rodríguezs ,Bienvenido Eugenio
9 (RLIN) 80215
Fechas asociadas al nombre 1905- ?
942 ## - ELEMENTOS DE PUNTO DE ACCESO ADICIONAL (KOHA)
Fuente del sistema de clasificación o colocación Dewey Decimal Classification
Tipo de ítem Koha Folleto
Existencias
Estado de retiro Estado de pérdida Fuente del sistema de clasificación o colocación Restricciones de uso No para préstamo Código de colección Localización permanente Ubicación/localización actual Ubicación en estantería Fecha de adquisición Fuente de adquisición Total de préstamos Signatura topográfica completa Código de barras Fecha visto por última vez Precio válido a partir de Tipo de ítem Koha Número de copia
    Dewey Decimal Classification Excluido de préstamo   Dominicana de Servicio Biblioteca Nacional Pedro Henríquez Ureña General Depósito 19.11.2018 Depósito legal / Rubén Santos   J585r 2021-27385 14.10.2021 14.10.2021 Libro y Folleto Colección Dominicana de Servicio e.3
    Dewey Decimal Classification Excluido de préstamo   Patrimonio Dominicano Biblioteca Nacional Pedro Henríquez Ureña Patrimonio Dominicano Depósito 19.11.2018 Depósito legal / Rubén Santos   J585r 2021-27383 14.10.2021 14.10.2021 Libro y Folleto Colección Patrimonio Dominicano  
    Dewey Decimal Classification Excluido de préstamo   Patrimonio Dominicano Biblioteca Nacional Pedro Henríquez Ureña Patrimonio Dominicano Depósito 19.11.2018 Depósito legal / Rubén Santos   J585r 2021-27384 14.10.2021 14.10.2021 Libro y Folleto Colección Patrimonio Dominicano e.2

Con tecnología Koha